| 000 | 01351nam a2200265Ia 4500 | ||
|---|---|---|---|
| 999 |
_c52885 _d52885 |
||
| 001 | 19915 | ||
| 003 | GE_BSU | ||
| 005 | 20200509184716.0 | ||
| 008 | 181216s1990||||ge |||||||||||||| ||geo|| | ||
| 040 | _cGE_BSU | ||
| 041 | _ageo | ||
| 080 | _a811.353.1'36-112 შ-21 | ||
| 100 |
_aშანიძე, მზექალა _98029 |
||
| 245 |
_aსიტყუაი ართრონთათვს : _bძველი ქართული გრამატიკული ტრაქტატი / _cმზექალა შანიძე ; რედ. აკაკი შანიძე. |
||
| 264 |
_aთბილისი : _bსახ. უნ-ტის გამ-ბა, _c1990. |
||
| 300 |
_a248 გვ. ; _c20 სმ. |
||
| 520 | _a რეზიუმე რუსულ და ინგლისურ ენებზე | ||
| 541 | _h6ლ.40თ. | ||
| 546 | _aპარალელური თავფურცელი რუსულ და ინგლისურ ენებზე | ||
| 653 | _aსიტყუაი ართრონთათვს | ||
| 653 | _aქართული ენა | ||
| 653 | _aძველი ქართული გრამატიკული ტრაქტატი | ||
| 700 |
_a შანიძე, აკაკი _eრედაქტორი _98030 |
||
| 942 |
_cBK _2udc |
||